Deux pieces pour violon et piano /

Hlavní autor: Copland, Aaron, 1900-1990
Jazyk: Nelze použít, není lingvistický obsah
Vydáno: Mainz : B. Schott's Söhne, 1928
Fyzický popis: 3, 10 s.
Hudebniny Hudebniny
Uloženo v:
LEADER 00682ncm a22002052a 4500
001 001202616
003 CZ BrMZK
005 20120327102141.0
007 qu
008 120327s1928 gw |||||||||||||||||zxx d
040 |a BOA001  |b cze 
072 7 |a 787  |x Hudba pro strunné a smyčcové nástroje  |2 Konspekt  |9 9 
100 1 |a Copland, Aaron,  |d 1900-1990  |7 jn19990001489  |4 cmp 
245 1 0 |a Deux pieces  |h [hudebnina] :  |b pour violon et piano /  |c Aaron Copland 
260 |a Mainz :  |b B. Schott's Söhne,  |c 1928 
300 |a 3, 10 s. 
910 |a BOA001  |b Mus4-0764.380 
990 |a MU 
991 |b 201203 
996 6 |b 2619080233  |c Mus4-0764.380  |l MZK  |r Sklad / do 1 hodiny  |n 0  |w 001236176  |u 000010  |a 1  |e BOA001  |j MZK50  |s P